000 00923nam a22001937a 4500
003 OSt
005 20260302004839.0
008 260302b |||||||| |||| 00| 0 eng d
040 _aDWCL GS library
_cOC
082 _aFic. D621t 2002
100 _aDixon, Franklin W.
245 _athe hardy boys mystery stories 1
_b: the tower treasure
_cFranklin W. Dixon
260 _aNew York
_bGrosset & Dunlap
_cc1927
300 _a180
_billustrations
_c19cm
520 _aIn The Tower Treasure (1927), teenage brothers Frank and Joe Hardy investigate the robbery of Tower Mansion to clear their friend’s father, who is wrongly accused of stealing Hurd Applegate's jewelry and securities. The boys track down the true thief John "Red" Jackley, who dies before revealing the loot's location.
546 _aEnglish
700 _aFranklin W. Dixon
942 _2ddc
_cFIC.
_hFic. D621t 2002
_n0
999 _c8586
_d8586